| 000 -LEADER |
| fixed length control field |
01306nam a2200373 i 4500 |
| 001 - CONTROL NUMBER |
| control field |
020840113 |
| 003 - CONTROL NUMBER IDENTIFIER |
| control field |
UkOxU |
| 005 - DATE AND TIME OF LATEST TRANSACTION |
| control field |
20240228093714.0 |
| 006 - FIXED-LENGTH DATA ELEMENTS--ADDITIONAL MATERIAL CHARACTERISTICS |
| fixed length control field |
innnn|||||||||| n |
| 007 - PHYSICAL DESCRIPTION FIXED FIELD--GENERAL INFORMATION |
| fixed length control field |
sd fsngnnmmned |
| 008 - FIXED-LENGTH DATA ELEMENTS--GENERAL INFORMATION |
| fixed length control field |
170508s2017 enka 000 0 eng d |
| 020 ## - INTERNATIONAL STANDARD BOOK NUMBER |
| International Standard Book Number |
9781316629895 |
| 035 ## - SYSTEM CONTROL NUMBER |
| System control number |
(UK-WkNB)9781316629901 |
| 035 ## - SYSTEM CONTROL NUMBER |
| System control number |
(StEdALDL)1/3560740 |
| 040 ## - CATALOGING SOURCE |
| Original cataloging agency |
UK-WkNB |
| Language of cataloging |
eng |
| Description conventions |
rda |
| Transcribing agency |
UK-WkNB |
| Modifying agency |
UkOxU |
| -- |
KH8 |
| 049 ## - LOCAL HOLDINGS (OCLC) |
| Holding library |
CROBAR |
| 082 04 - DEWEY DECIMAL CLASSIFICATION NUMBER |
| Classification number |
495.182 MAK |
| 100 1# - MAIN ENTRY--PERSONAL NAME |
| Personal name |
Mak, Martin, |
| Relator term |
author. |
| 245 10 - TITLE STATEMENT |
| Title |
Cambridge IGCSE Mandarin as a foreign language: |
| Remainder of title |
Workbook / |
| Statement of responsibility, etc. |
Martin Mak, Xixia Wang and Ivy Liu. |
| 264 #1 - PRODUCTION, PUBLICATION, DISTRIBUTION, MANUFACTURE, AND COPYRIGHT NOTICE |
| Place of production, publication, distribution, manufacture |
Cambridge : |
| Name of producer, publisher, distributor, manufacturer |
Cambridge University Press, |
| Date of production, publication, distribution, manufacture, or copyright notice |
2017. |
| 264 #4 - PRODUCTION, PUBLICATION, DISTRIBUTION, MANUFACTURE, AND COPYRIGHT NOTICE |
| Date of production, publication, distribution, manufacture, or copyright notice |
©2017 |
| 300 ## - PHYSICAL DESCRIPTION |
| Extent |
4 volumes : |
| Other physical details |
illustrations ; |
| Dimensions |
28 cm + |
| Accompanying material |
CDs |
| 336 ## - CONTENT TYPE |
| Content type term |
text |
| Source |
rdacontent |
| 337 ## - MEDIA TYPE |
| Media type term |
unmediated |
| Source |
rdamedia |
| 337 ## - MEDIA TYPE |
| Media type term |
audio |
| Source |
rdamedia |
| 338 ## - CARRIER TYPE |
| Carrier type term |
volume |
| Source |
rdacarrier |
| 500 ## - GENERAL NOTE |
| General note |
"Cambridge International Examinations endorsed for teacher support"--Cover. |
| 650 #0 - SUBJECT ADDED ENTRY--TOPICAL TERM |
| Topical term or geographic name entry element |
Chinese language |
| Form subdivision |
Textbooks for foreign speakers. |
| 650 #0 - SUBJECT ADDED ENTRY--TOPICAL TERM |
| Topical term or geographic name entry element |
Chinese language |
| General subdivision |
Study and teaching |
| -- |
Foreign speakers. |
| 700 1# - ADDED ENTRY--PERSONAL NAME |
| Personal name |
Wang, Xixia, |
| Relator term |
author. |
| 700 1# - ADDED ENTRY--PERSONAL NAME |
| Personal name |
Liu, Ivy, |
| Relator term |
author. |
| 710 2# - ADDED ENTRY--CORPORATE NAME |
| Corporate name or jurisdiction name as entry element |
University of Cambridge. |
| Subordinate unit |
Local Examinations Syndicate. |
| -- |
International Examinations. |
| 942 ## - ADDED ENTRY ELEMENTS (KOHA) |
| Source of classification or shelving scheme |
|
| Koha item type |
Teaching Resources |